000 00578nam a2200229Ia 4500
003 OSt
005 20220918181602.0
006 a|||||r|||| 00| 0
007 ta
008 220917b |||||||| |||| 00| 0 eng d
024 _a27,729
037 _cTextual
040 _aARTS
_cARTS
_beng
041 _2eng
_aeng
082 _aO111,1M88w, M8
100 _aGordon Lyndall
245 0 _aEliot's new life
260 _an.Y
_bOUP
_c1988
650 _aENGLISH LITERATURE
942 _hO111,1M88w, M8
_cTEXL
_2CC
999 _c166147
_d166147